[Event "Défi( 10J+24H/c 10J Max )"]
[Site "www.echecsemail.com"]
[Date "2026.01.10"]
[Round "1"]
[White "Willkommen54"]
[Black "Moris54"]
[WhiteElo "2010"]
[BlackElo "1850"]
[Result "1-0"]
1.d4 Ng8f6
2.Ng1f3 d6
3.e3 Bc8g4
4.Bf1e2 c6
5.Nb1d2 h6
6.O-O Nb8d7
7.c4 e6
8.b3 Bf8e7
9.Bc1b2 O-O
10.Rf1e1 Bg4h5
11.a3 d5
12.b4 a6
13.Qd1c2 Bh5g6
14.Be2d3 Bg6xd3
15.Qc2xd3 b6
16.e4 dxe4
17.Nd2xe4 Nf6xe4
18.Qd3xe4 Ra8c8
19.Re1d1 Nd7f6
20.Qe4e2 Qd8c7
21.Ra1c1 Qc7b7
22.Nf3e5 Rf8d8
23.Qe2f3 Rc8c7
24.Ne5g4 Nf6xg4
25.Qf3xg4 Be7g5
26.Rc1b1 f5
27.Qg4e2 Rc7e7
28.Qe2f3 Rd8f8
29.Rd1e1 Bg5f6
30.h3 b5
31.c5 Qb7c8
32.Re1d1 Re7d7
33.Rd1d3 Rd7d5
34.Rb1d1 Qc8d7
35.Qf3e2 Rf8e8
36.Qe2c2 Qd7c7
37.a4 bxa4
38.Qc2xa4 Qc7b7
39.Rd3a3 Re8a8
40.Ra3e3 Kf7
41.Bb2c3 Ra8a7
42.Qa4a2 Qb7d7
43.Qa2b2 Ra7b7
44.Qb2a1  { temps }1-0

[Event "Eq:Avalon-au plaisir du jeux  :"]
[Site "www.echecsemail.com"]
[Date "2026.01.10"]
[Round "1"]
[White "Marathonman"]
[Black "Biquet"]
[WhiteElo "2040"]
[BlackElo "1870"]
[Result "1-0"]
1.e4 e6
2.d4 d5
3.Nb1c3 Bf8b4
4.Bc1d2 dxe4
5.a3 Bb4a5
6.Qd1g4 Qd8xd4
7.Ng1f3 Qd4d6
8.Qg4xg7 exf3
9.Qg7xh8 Qd6f8
10.gxf3 Nb8d7
11.Qh8xh7 Nd7f6
12.Qh7d3 Bc8d7
13.Nc3e4 Ba5b6
14.Ne4xf6 Ng8xf6
15.O-O-O O-O-O
16.Bd2g5 Qf8g7
17.Bg5e3 Nf6d5
18.Be3xb6 Nd5xb6
19.Qd3d4 Qg7g5
20.Qd4e3 Qg5f5
21.Bf1d3 Qf5f6
22.f4 Nb6d5
23.Qe3e5 Qf6xf4
24.Qe5xf4 Nd5xf4
25.Bd3e4 f5
26.Be4d3 e5
27.Rh1e1 e4
28.Bd3f1 Rd8g8
29.Bf1c4 Rg8g7
30.Re1g1 Rg7e7
31.Rg1g8 Re7e8
32.Rd1g1 Kd8
33.Rg8xe8 Kxe8
34.Kd2 Ke7
35.Ke3 Nf4h5
36.Bc4e2 Nh5f6
37.f3 Nf6d5
38.Kd4 Nd5f4
39.Be2d1 Bd7c6
40.fxe4 Bc6xe4
41.Ke5 Nf4g2
42.c3 Ng2e3
43.h4 Ne3c4
44.Kf4 Nc4xb2
45.h5 Nb2c4
46.h6 Nc4d6
47.h7 Nd6f7
48.Rg1g7 Kf6
49.Rg7xf7 Kxf7
50.h8Q Ke6
51.Bd1g4 Kd6
52.Bg4xf5 Be4xf5
53.Kxf5 Kc6
54.Ke6 Kb6
55.Qh8d4 Ka6
56.Qd4b4 b6
57.Kd7 Kb7
58.Qb4b5 Kb8
59.Qb5a6 c5
60.Qa6c8 1-0

[Event "Défi"]
[Site "www.echecsemail.com"]
[Date "2026.01.10"]
[Round "1"]
[White "Xercott"]
[Black "Berjay"]
[WhiteElo "1780"]
[BlackElo "1690"]
[Result "1-0"]
1.d4 d5
2.c4 Bc8f5
3.Nb1c3 c6
4.Ng1f3 e6
5.e3 Bf8b4
6.cxd5 exd5
7.Bf1d3 Bf5g4
8.Bc1d2 Ng8f6
9.O-O Nb8d7
10.Bd3e2 O-O
11.a3 Bb4d6
12.b4 Nf6h5
13.e4 Rf8e8
14.e5 Bd6e7
15.Bd2e3 b5
16.Qd1d2 a6
17.h3 Bg4e6
18.g4 Be7h4
19.Be3g5 Bh4xg5
20.Qd2xg5 Qd8xg5
21.Nf3xg5 f6
22.Ng5xe6 Re8xe6
23.gxh5 fxe5
24.Be2g4 Re6e7
25.Bg4xd7 Re7xd7
26.dxe5 d4
27.Nc3e4 Ra8f8
28.f4 d3
29.Ne4d6 h6
30.Ra1d1 Rf8d8
31.Rd1xd3 Kh7
32.Rd3c3 Rd7c7
33.Rc3g3 c5
34.bxc5 Rd8f8
35.Nd6e4 Rf8d8
36.e6 Rd8d4
37.Rf1e1 a5
38.e7 Rc7c8
39.Ne4d6 Rc8b8
40.e8Q Rb8xe8
41.Nd6xe8 Rd4xf4
42.c6 b4
43.c7 Rf4c4
44.Rg3xg7 Kh8
45.Re1e7 Rc4c1
46.Kf2 Rc1c2
47.Ke3 b3
48.Ne8f6 Rc2c3
49.Kd4 Rc3f3
50.Rg7h7 1-0

[Event "Défi( 10J+24H/c 10J Max )"]
[Site "www.echecsemail.com"]
[Date "2026.01.10"]
[Round "1"]
[White "Majula"]
[Black "Ephixe"]
[WhiteElo "1630"]
[BlackElo "1820"]
[Result "0-1"]
1.d4 e5
2.d5 Ng8f6
3.e4 d6
4.Nb1c3 c6
5.Bc1g5 Bf8e7
6.dxc6 Nb8xc6
7.Bf1b5 Bc8d7
8.Ng1f3 O-O
9.Nc3d5 Nf6xd5
10.Bg5xe7 Qd8xe7
11.c3 Nd5c7
12.a4 Nc7xb5
13.axb5 Nc6d8
14.Qd1d5 Bd7e6
15.O-O-O Be6xd5
16.Rd1xd5 Nd8e6
17.Rh1d1 Rf8d8
18.c4 Ne6f4
19.g3 Nf4xd5
20.exd5 Qe7f6
{ abandon }0-1

[Event "Tournoi n27346"]
[Site "www.echecsemail.com"]
[Date "2026.01.10"]
[Round "1"]
[White "Emmanuel"]
[Black "Killbill"]
[WhiteElo "1940"]
[BlackElo "1809"]
[Result "0-1"]
1.b3 Nb8c6
2.Bc1b2 e5
3.e3 a6
4.Ng1f3 e4
5.Nf3d4 Ng8f6
6.Nd4xc6 dxc6
7.d4 Qd8d5
8.Bf1c4 Qd5g5
9.g3 h5
10.h3 Bf8d6
11.Rh1g1 Bc8xh3
12.Nb1d2 h4
13.f4 exf3
14.Qd1xf3 Bd6xg3
15.Rg1xg3 Qg5xg3
16.Qf3xg3 hxg3
17.O-O-O Bh3e6
18.Rd1g1 Be6xc4
19.bxc4 g2
20.Kd1 Rh8h1
21.Nd2f3 g5
22.Ke2 g4
23.Rg1xg2 gxf3
24.Kxf3 Rh1h3
25.Ke2 O-O-O
26.d5 Nf6e4
 { temps }0-1

[Event "Tournoi n27326"]
[Site "www.echecsemail.com"]
[Date "2026.01.10"]
[Round "1"]
[White "Lancien57"]
[Black "Mokanne"]
[WhiteElo "1480"]
[BlackElo "1450"]
[Result "1/2-1/2"]
1.e4 g6
2.Ng1f3 f6
3.Nb1c3 a6
4.d4 d6
5.d5 Bc8d7
6.Bf1e2 Bf8g7
7.Bc1d2 e6
8.O-O e5
9.Rf1e1 c6
10.a3 Ng8e7
11.b4 b5
12.Nc3a2 h6
13.c4 c5
14.bxc5 dxc5
15.cxb5 Bd7xb5
16.Be2xb5 axb5
17.Qd1b3 Qd8d7
18.Na2c3 b4
19.Nc3e2 O-O
20.axb4 Ra8xa1
21.Re1xa1 Qd7d6
22.bxc5 Qd6xc5
23.Ra1c1 Qc5d6
24.Bd2b4 Qd6d7
25.h3 Kh8
26.Ne2c3 Rf8g8
27.Bb4c5 g5
28.d6 Ne7c6
29.Nc3d5 Rg8f8
30.Nd5b6 Qd7b7
31.Rc1d1 Nb8d7
32.Rd1c1 Rf8b8
33.Rc1b1 Nd7xc5
34.Qb3c2 Nc5d7
35.Nb6xd7 Qb7xd7
36.Rb1xb8 Nc6xb8
37.Qc2d2 Bg7f8
38.Qd2b4 Qd7xd6
39.Qb4a5 Bf8e7
40.Nf3d2 Be7d8
41.Qa5c3 Bd8c7
42.f3 Bc7b6
43.Kh1 Kg7
44.Kh2 Qd6d7
45.Nd2c4 Qd7d4
46.Qc3xd4 Bb6xd4
47.Nc4d6 Nb8d7
48.Nd6f5 Kg6
49.Nf5e7 Kh7
50.Ne7c6 Nd7f8
51.Nc6b4 Nf8g6
52.g3 Ng6f8
53.Nb4d5 Kg6
54.Nd5e7 Kf7
55.Ne7d5 Nf8d7
56.g4 Nd7c5
57.Kg3 Nc5d3
58.Nd5c7 Bd4f2
59.Kg2 Bf2e3
60.Nc7d5 Be3f4
61.Kf1 Bf4g3
62.Nd5e3 Nd3b4
63.Ne3f5 Kg6
64.Nf5xg3 Nb4d3
65.Ke2 Nd3f4
66.Kf2 Nf4xh3
67.Kg2 Nh3f4
68.Kf2 Nf4e6
69.Ke3 Ne6c5
70.Ng3f5 Nc5d7
71.Nf5d6 Nd7f8
72.Nd6e8 Nf8h7
73.Ne8c7 h5
74.Nc7d5 h4
75.Kf2 Nh7f8
76.Nd5e3 Nf8e6
77.Kg2 Ne6f4
78.Kf2 Nf4e6
79.Kg2 Ne6d4
80.Ne3f1 Nd4c2
81.Kh3 Kf7
82.Nf1d2 Ke6
83.Nd2c4 Nc2e1
84.Nc4d2 Kd6
85.Kh2 Kc5
86.Kg1 Kd4
87.Kf2 Ne1d3
88.Ke2 Nd3f4
89.Kf2 Kc3
90.Ke3 Nf4e6
91.Nd2f1 Ne6f4
92.Kf2 Kd3
93.Nf1h2 Kd2
94.Nh2f1 Kc3
95.Nf1e3 Kd4
96.Ne3c2 Kc5
97.Nc2e3 Nf4d3
98.Ke2 Nd3f4
99.Kf2 h3
100.Kg3 Kd4
101.Ne3f5 Kc5
102.Nf5e3 Kd6
103.Ne3c4 Kc6
104.Nc4e3 Kd6
{ nul }1/2-1/2

[Event "Coupe Niveau 5"]
[Site "www.echecsemail.com"]
[Date "2026.01.10"]
[Round "1"]
[White "Elghribi"]
[Black "Jmarcboury"]
[WhiteElo "1900"]
[BlackElo "2230"]
[Result "0-1"]
1.e4 c5
2.Ng1f3 Nb8c6
3.d4 cxd4
4.Nf3xd4 Ng8f6
5.Nb1c3 e5
6.Nd4b3 Bf8b4
7.Bf1d3 d5
8.exd5 Nf6xd5
9.Bc1d2 Bc8e6
10.Nc3xd5 Be6xd5
11.O-O O-O
12.c3 Bb4d6
13.Bd2e3 f5
14.f3 e4
15.fxe4 Qd8h4
{ abandon }0-1

[Event "Défi"]
[Site "www.echecsemail.com"]
[Date "2026.01.10"]
[Round "1"]
[White "Arno"]
[Black "Bibisept"]
[WhiteElo "1780"]
[BlackElo "1970"]
[Result "1-0"]
1.d4 e6
2.Ng1f3 d5
3.Nb1d2 c5
4.e3 Nb8c6
5.c3 Ng8f6
6.Bf1d3 cxd4
7.exd4 Bf8d6
8.O-O O-O
9.Nf3e5 Nc6xe5
10.dxe5 Bd6xe5
11.Nd2f3 Be5c7
12.Bc1g5 h6
13.Bg5h4 g5
14.Bh4g3 Kg7
15.Nf3e5 Nf6e4
16.Bd3xe4 dxe4
17.Qd1h5 Qd8f6
18.Ne5g4 Qf6g6
19.Qh5xg6 fxg6
20.Bg3xc7 Rf8f7
21.Bc7e5 Kf8
22.Ng4xh6 Rf7h7
23.Nh6g4 Ke7
24.Be5f6 Kf8
25.Bf6xg5 b6
26.Ng4f6 Rh7f7
27.Nf6xe4 Rf7f5
28.Bg5h6 Ke7
29.h4 Bc8b7
30.Bh6g5 Kf8
31.Ne4d6 Rf5xg5
32.hxg5 Bb7c6
33.Nd6c4 Bc6b5
34.b3 Bb5xc4
35.bxc4 Ra8c8
36.Rf1e1 Kf7
37.Re1e4 b5
38.cxb5 Rc8xc3
39.a4 Rc3c5
40.f4 Rc5f5
41.Ra1b1 Ke7
42.a5 Kd6
43.b6 axb6
44.Rb1xb6 Kc5
45.Rb6xe6 { abandon }1-0

[Event "Défi"]
[Site "www.echecsemail.com"]
[Date "2026.01.10"]
[Round "1"]
[White "Eclectic"]
[Black "Xercott"]
[WhiteElo "1780"]
[BlackElo "1780"]
[Result "0-1"]
1.Ng1f3 Nb8c6
2.c4 Ng8f6
3.d4 e6
4.a3 Bf8e7
5.Nb1c3 O-O
6.e4 d6
7.Qd1c2 e5
8.d5 Nc6b8
9.h3 a5
10.Qc2b3 Nb8a6
11.g4 Na6c5
12.Qb3c2 Bc8d7
13.g5 Nf6h5
14.h4 Nh5f4
15.Bc1xf4 exf4
16.O-O-O Ra8a6
17.b3 Ra6b6
18.Nf3d4 Bd7g4
19.Rd1d2 Qd8d7
20.f3 Bg4h5
21.Bf1h3 Qd7e8
22.Nc3e2 h6
23.gxh6 Be7f6
24.h7 Kh8
25.Rh1g1 Bf6e5
26.Bh3g4 Bh5g6
27.h5 Bg6xh7
28.Rd2d1 c6
29.Rg1h1 Kg8
30.Rh1h3 Rb6a6
31.Bg4f5 a4
32.Bf5xh7 Kxh7
33.b4 Be5xd4
34.Ne2xd4 Nc5d7
35.e5 Kg8
36.e6 Nd7e5
37.h6 g6
38.Qc2g2 Kh7
39.Nd4f5 Rf8g8
40.Nf5g7 Qe8e7
41.Qg2c2 f5
42.Rd1g1 cxd5
43.cxd5 Ra6a8
44.Qc2g2 Ra8c8
45.Kb2 Ne5d3
46.Kb1 Rc8c3
47.Qg2xg6 Kh8
48.Ka2 Rc3c2
49.Kb1 Qe7c7
50.Rh3h1 Qc7c3
{ abandon }0-1

[Event "TRISTAN DA CUNHA"]
[Site "www.echecsemail.com"]
[Date "2026.01.10"]
[Round "1"]
[White "4x4"]
[Black "Rachess"]
[WhiteElo "1420"]
[BlackElo "1550"]
[Result "0-1"]
1.e4 e5
2.Ng1f3 Nb8c6
3.Nb1c3 Ng8f6
4.Bf1c4 Nf6xe4
5.Nc3xe4 d5
6.Bc4d3 dxe4
7.Bd3xe4 f5
8.Be4xc6 bxc6
9.d3 Bf8d6
10.Qd1e2 O-O
11.Bc1d2 a5
12.O-O-O Rf8e8
13.Bd2g5 Qd8d7
14.Nf3h4 h6
15.Bg5xh6 gxh6
16.Qe2h5 Qd7g7
17.g3 Bc8e6
18.Nh4xf5 Be6xf5
19.Qh5xf5 Re8f8
20.Qf5e4 Rf8xf2
21.Qe4xc6 Ra8b8
22.a3 e4
23.c3 Rb8xb2
24.Qc6e8 Bd6f8
25.Qe8e6 Kh8
26.Rd1e1 Qg7xc3
27.Kd1 Qc3d2
0-1

[Event "Tournoi n27341"]
[Site "www.echecsemail.com"]
[Date "2026.01.10"]
[Round "1"]
[White "Majula"]
[Black "Tizi"]
[WhiteElo "1600"]
[BlackElo "1700"]
[Result "0-1"]
1.d4 d5
2.c4 Ng8f6
3.e3 c6
4.c5 Bc8g4
5.Bf1e2 Qd8d7
6.h3 Bg4f5
7.Nb1c3 Nb8a6
8.a3 e6
9.f4 Bf5e4
10.Be2f3 Na6c7
11.Bf3xe4 dxe4
12.Ng1e2 Nc7d5
13.O-O Bf8e7
14.b4 Nf6h5
15.g4 Nd5xc3
16.Ne2xc3 Nh5f6
17.g5 Nf6g8
18.h4 h6
19.Bc1b2 hxg5
20.hxg5 e5
21.dxe5 Qd7h3
22.Kf2 Ra8d8
23.Qd1b1 Qh3f3
24.Ke1 Qf3xe3
25.Nc3e2 Rh8h2
26.Qb1d1 Rd8xd1
{ abandon }0-1

[Event "Noël 2025 n1"]
[Site "www.echecsemail.com"]
[Date "2026.01.10"]
[Round "1"]
[White "Alain64"]
[Black "Eldiablo90"]
[WhiteElo "2090"]
[BlackElo "2790"]
[Result "0-1"]
1.c4 e5
2.Nb1c3 Ng8f6
3.e3 Bf8b4
4.Qd1c2 O-O
5.a3 Bb4xc3
6.Qc2xc3 Rf8e8
7.d3 d5
8.cxd5 Nf6xd5
9.Qc3c2 a5
10.Ng1f3 Ra8a6
11.Bf1e2 Ra6c6
12.Qc2a4 Rc6g6
13.g3 Nb8c6
14.e4 Nd5b6
15.Qa4c2 Bc8h3
16.Bc1e3 Bh3g2
17.Rh1g1 Bg2xf3
18.Be2xf3 Nc6d4
19.Be3xd4 Qd8xd4
20.Qc2c3 Qd4d7
21.b4 Nb6a4
22.Qc3b3 Rg6f6
23.Bf3g2 Qd7d4
24.Rg1f1 Qd4xa1
{ abandon }0-1

[Event "Memorial Lara CII"]
[Site "www.echecsemail.com"]
[Date "2026.01.10"]
[Round "1"]
[White "Leredoutable"]
[Black "Jyfsk"]
[WhiteElo "1730"]
[BlackElo "1850"]
[Result "1-0"]
1.e4 c5
2.Ng1f3 d6
3.d4 cxd4
4.Qd1xd4 Nb8c6
5.Qd4d1 Ng8f6
6.Nb1c3 e6
7.Bf1c4 Bf8e7
8.O-O O-O
9.Bc1e3 a6
10.Nf3g5 b5
11.Bc4b3 Bc8b7
12.f4 Nc6a5
13.Qd1e2 Na5xb3
14.axb3 b4
15.e5 dxe5
16.Ra1d1 Qd8c7
17.Nc3a4 Qc7c6
18.fxe5 h6
19.Ng5f3 Nf6d5
20.Nf3d4 Qc6c7
21.Rf1f3 Nd5xe3
22.Rf3xe3 Ra8d8
23.Re3g3 Bb7c6
24.Qe2g4 Qc7xe5
25.Rg3h3 Be7g5
26.Nd4xc6 Rd8xd1
27.Qg4xd1 Qe5b5
28.Qd1d6 Rf8c8
29.Nc6d4 Qb5b7
30.Na4c5 Qb7c7
31.Qd6xc7 Rc8xc7
32.Nc5xa6 Rc7a7
33.Na6xb4 Bg5f6
34.Rh3d3 e5
35.Nd4c6 Ra7a1
36.Kf2 Kf8
37.Nb4d5 e4
38.Rd3e3 Bf6xb2
39.Re3xe4 Ra1d1
40.Nd5e3 Rd1d2
41.Kf3 f6
42.b4 Rd2d6
43.Re4c4 Ke8
44.c3 Kd7
45.Nc6d4 Bb2xc3
46.Rc4xc3 Rd6xd4
47.Ne3c2 Rd4d5
48.Rc3b3 Kc6
49.Nc2e3 Rd5b5
50.Kf4 g5
51.Kg4 Rb5e5
52.h4 gxh4
53.Kxh4 h5
54.g3 Re5b5
55.Rb3c3 Kd6
56.Rc3c4 Ke6
57.Ne3c2 Kd5
58.Rc4c5 Rb5xc5
59.bxc5 Kxc5
60.Nc2e3 { abandon }1-0

[Event "XERTIGNY  VOSGES"]
[Site "www.echecsemail.com"]
[Date "2026.01.10"]
[Round "1"]
[White "Petitlulu64"]
[Black "Intrigue"]
[WhiteElo "1760"]
[BlackElo "1720"]
[Result "0-1"]
1.e4 e5
2.Ng1f3 Ng8f6
3.Bf1c4 Nf6xe4
4.d3 Ne4f6
5.Nf3g5 d5
6.Bc4b5 c6
7.Bb5a4 Bf8e7
8.O-O h6
9.Ng5f3 Bc8f5
10.Bc1d2 Nb8d7
11.Nf3h4 Bf5h7
12.Bd2e1 b5
13.Ba4b3 O-O
14.c3 a5
15.Bb3c2 e4
16.dxe4 Nf6xe4
17.Nb1d2 Ne4xd2
18.Bc2xh7 Kxh7
19.Be1xd2 Be7xh4
20.Bd2f4 Bh4g5
21.Qd1d3 g6
22.Bf4d6 Rf8e8
23.f4 Bg5e7
24.Bd6xe7 Re8xe7
25.f5 Nd7f8
26.f6 Re7e6
27.Qd3f3 Nf8d7
28.Qf3d3 Re6xf6
29.Rf1e1 Rf6e6
30.Re1f1 Qd8e7
31.Qd3d2 Ra8e8
32.h3 Qe7h4
33.Rf1xf7 Kg8
34.Rf7f1 Re6e2
35.Qd2d3 Qh4e4
36.Qd3g3 Qe4e3
37.Qg3xe3 Re8xe3
38.Ra1b1 Nd7e5
39.Rf1f6 Kg7
40.Rf6d6 Re2d2
41.b4 a4
42.Rd6d8 Re3e2
43.Rd8e8 Re2xg2
44.Kh1 Rg2h2
45.Kg1 Ne5f3
46.Kf1 Rh2h1
0-1

[Event "Défi"]
[Site "www.echecsemail.com"]
[Date "2026.01.10"]
[Round "1"]
[White "Wenoketo"]
[Black "Vvvv"]
[WhiteElo "1650"]
[BlackElo "1650"]
[Result "0-1"]
1.d4 Ng8f6
2.Ng1f3 d5
3.Bc1f4 g6
4.h3 Bf8g7
5.e3 O-O
6.Bf1e2 Nb8d7
7.O-O b6
8.Nb1d2 c5
9.c3 c4
10.Nf3e5 Nd7xe5
11.Bf4xe5 e6
12.Be2f3 b5
13.Be5xf6 Qd8xf6
14.e4 Bc8b7
15.e5 Qf6e7
16.Rf1e1 Qe7c7
17.a3 Bb7c6
18.Bf3e2 Ra8b8
19.f4 f5
20.h4 Bg7h6
21.g3 Rf8f7
22.Kf2 Qc7e7
23.Re1h1 Rb8b7
24.Rh1h2 Bh6g7
25.h5 g5
26.h6 Bg7h8
27.Be2h5 Rf7f8
28.Nd2f3 g4
29.Nf3d2 Bh8xe5
30.dxe5 Qe7c5
31.Ke2 d4
32.b4 cxb3
33.Qd1xb3 Bc6d5
34.Qb3b4 Qc5xc3
35.Qb4xc3 dxc3
36.Nd2f1 Bd5c4
37.Ke1 Rf8d8
38.Nf1e3 Rd8d3
39.Ne3xc4 bxc4
40.Rh2g2 Rb7b2
41.Rg2xb2 cxb2
42.Ra1b1 c3
43.Bh5e8 Rd3xg3
44.Be8a4 Rg3g1
{ abandon }0-1

[Event "Coupe Niveau 3"]
[Site "www.echecsemail.com"]
[Date "2026.01.10"]
[Round "1"]
[White "4x4"]
[Black "Elghribi"]
[WhiteElo "1470"]
[BlackElo "1920"]
[Result "0-1"]
1.e4 d6
2.d4 Ng8f6
3.f3 g6
4.Ng1e2 Bf8g7
5.Ne2g3 O-O
6.Bf1d3 Nb8c6
7.c3 e5
8.d5 Nc6e7
9.Nb1d2 Nf6d7
10.b4 f5
11.Nd2b3 f4
12.Ng3e2 g5
13.Bc1b2 Ne7g6
14.Qd1d2 Nd7f6
15.O-O-O h5
16.h3 g4
17.hxg4 hxg4
18.Ne2g1 g3
19.Ng1h3 Nf6h7
20.a4 Bc8d7
21.Qd2c2 Kf7
22.c4 Nh7g5
23.b5 Qd8e7
24.Nb3a5 Ra8b8
25.Bb2a3 Bd7xh3
26.gxh3 Ng5xf3
27.Qc2e2 Nf3d4
28.Qe2g4 Rf8h8
29.Ba3b2 Rh8h4
30.Qg4xh4 Ng6xh4
31.Bb2xd4 exd4
32.Rd1f1 Qe7g5
33.Kc2 f3
34.Na5b3 Bg7f6
35.e5 Qg5xe5
36.Nb3d2 Qe5f4
37.Rh1g1 Bf6g5
38.Bd3e4 Qf4xd2
39.Kb3 Qd2e3
40.Kb4 Qe3c3
0-1

[Event "Défi( 10J+24H/c 10J Max )"]
[Site "www.echecsemail.com"]
[Date "2026.01.10"]
[Round "1"]
[White "Jmarcboury"]
[Black "Emmanuel"]
[WhiteElo "2220"]
[BlackElo "1960"]
[Result "1-0"]
1.d4 f5
2.c4 Ng8f6
3.Nb1c3 g6
4.g3 Bf8g7
5.Bf1g2 d6
6.Bc1g5 O-O
7.e3 Qd8e8
8.Ng1e2 h6
9.Bg5xf6 exf6
10.O-O c6
11.b4 Nb8d7
12.a4 Nd7b6
13.c5 dxc5
14.bxc5 Nb6d7
15.e4 f4
16.gxf4 g5
17.f5 b6
18.cxb6 Nd7xb6
19.a5 Nb6c4
20.d5 Nc4e5
21.dxc6 Qe8xc6
22.Nc3d5 Qc6d7
23.Ra1c1 Ne5c6
24.Rc1xc6 { abandon }1-0

[Event "Coupe Niveau 7"]
[Site "www.echecsemail.com"]
[Date "2026.01.10"]
[Round "1"]
[White "Alain64"]
[Black "Bim"]
[WhiteElo "2110"]
[BlackElo "2130"]
[Result "0-1"]
1.f4 d5
2.e3 Ng8f6
3.Ng1f3 Bc8g4
4.b3 e6
5.Bc1b2 Nb8d7
6.Bf1e2 Bf8e7
7.O-O O-O
8.Nf3e5 Bg4xe2
9.Qd1xe2 c6
10.d3 Nd7xe5
11.fxe5 Nf6d7
12.Nb1d2 Qd8c7
13.d4 c5
14.c4 Ra8c8
15.cxd5 exd5
16.Ra1c1 Qc7a5
17.a3 Qa5b6
18.Kh1 cxd4
19.exd4 Rf8e8
20.b4 Be7g5
21.Rc1xc8 Re8xc8
22.Nd2f3 Bg5e7
23.Rf1c1 Rc8xc1
24.Bb2xc1 Qb6c6
25.Bc1b2 Nd7b6
26.h3 Qc6g6
27.Kh2 Qg6b1
28.e6 f6
29.Nf3h4 g5
30.Qe2h5 Be7d6
31.g3 Qb1xb2
32.Nh4g2 Qb2f2
33.Qh5g4 Kf8
34.h4 Nb6c4
35.hxg5 Nc4e3
36.Qg4h3 Ne3f1
{ abandon }0-1

[Event "Défi( 10J+24H/c 10J Max )"]
[Site "www.echecsemail.com"]
[Date "2026.01.10"]
[Round "1"]
[White "Marcgagnon5678"]
[Black "Raztis"]
[WhiteElo "999"]
[BlackElo "1499"]
[Result "0-1"]
1.e4 Ng8f6
2.Nb1c3 e5
3.Ng1f3 d6
4.Bf1e2 b6
5.d3 Bc8b7
6.O-O Nb8a6
7.Bc1g5 h6
8.Bg5h4 g5
9.Bh4g3 Bf8g7
10.h4 Nf6g4
11.h5 Ng4f6
12.d4 g4
13.Nf3h2 Nf6xh5
14.Be2xg4 Nh5f6
15.Bg3h4 Qd8b8
16.dxe5 dxe5
17.Bh4xf6 Bg7xf6
18.Nc3d5 Qb8d8
19.Nd5xf6 Qd8xf6
20.Qd1d7 Kf8
21.Ra1d1 Kg7
22.Bg4e2 Qf6f4
23.f3 Qf4e3
24.Rf1f2 Ra8d8
25.Qd7g4 Kh7
26.Rd1xd8 Rh8xd8
27.Qg4f5 Kg7
28.Qf5xe5 Kf8
29.Be2xa6 Bb7xa6
30.Qe5h8 Ke7
31.Nh2g4 Qe3e1
32.Kh2 Rd8xh8
33.g3 h5
34.Ng4e5 Qe1xf2
35.Kh3 Ba6f1
36.Kh4 Qf2h2
37.Kg5 Qh2xg3
38.Kf5 Rh8h6
39.Ne5c6 Rh6xc6
40.f4 Bf1h3
41.Ke5 f6
42.Kd5 Rc6d6
43.Kc4 Rd6c6
44.Kb4 a5
45.Ka4 Bh3c8
46.Kb5 Rc6c5
47.Ka4 Bc8d7
0-1

[Event "Défi"]
[Site "www.echecsemail.com"]
[Date "2026.01.10"]
[Round "1"]
[White "Pourquoipas"]
[Black "Xercott"]
[WhiteElo "1650"]
[BlackElo "1780"]
[Result "0-1"]
1.f4 Ng8f6
2.Ng1f3 d6
3.e3 Bc8d7
4.Bf1c4 d5
5.Bc4b3 e6
6.c3 c5
7.c4 Bf8e7
8.Bb3c2 Nb8c6
9.b3 Nc6b4
10.O-O Nb4xc2
11.Qd1xc2 Qd8c7
12.Bc1b2 Bd7c6
13.Bb2e5 Be7d6
14.d4 dxc4
15.Qc2xc4 Bc6d5
16.Qc4e2 Nf6g4
17.Be5xg7 Rh8g8
18.Bg7e5 Ng4xe5
19.fxe5 Bd6e7
20.Qe2f2 O-O-O
21.Nb1c3 Bd5c6
22.Ra1c1 b6
23.Rf1d1 h5
24.Nf3h4 Rg8g4
25.Nh4f3 Rd8g8
26.g3 h4
27.d5 exd5
28.Nc3xd5 Bc6xd5
29.Rd1xd5 hxg3
30.hxg3 Rg4xg3
31.Kf1 Qc7c6
32.b4 Qc6xd5
33.Ke2 Rg3g2
34.Rc1g1 Qd5c4
{ abandon }0-1

[Event "Défi"]
[Site "www.echecsemail.com"]
[Date "2026.01.10"]
[Round "1"]
[White "Lancov"]
[Black "Arno"]
[WhiteElo "1920"]
[BlackElo "1780"]
[Result "1-0"]
1.e4 Nb8c6
2.Ng1f3 f5
3.exf5 d5
4.d4 Bc8xf5
5.Nb1c3 Ng8f6
6.Bf1b5 a6
7.Bb5xc6 bxc6
8.Nf3e5 Bf5d7
9.Bc1g5 h6
10.Bg5xf6 gxf6
11.Qd1h5 1-0

[Event "Défi"]
[Site "www.echecsemail.com"]
[Date "2026.01.10"]
[Round "1"]
[White "Arno"]
[Black "Cloclo"]
[WhiteElo "1780"]
[BlackElo "1900"]
[Result "1-0"]
1.d4 Ng8f6
2.Bc1f4 d6
3.Ng1f3 g6
4.Nb1c3 Bf8g7
5.Qd1d2 Nb8c6
6.e4 O-O
7.Bf4h6 e5
8.Bh6xg7 Kxg7
9.O-O-O Bc8e6
10.d5 { abandon }1-0

[Event "Défi"]
[Site "www.echecsemail.com"]
[Date "2026.01.10"]
[Round "1"]
[White "Zayka"]
[Black "Kaspalex"]
[WhiteElo "1970"]
[BlackElo "1870"]
[Result "0-1"]
1.d4 d5
2.e3 Ng8f6
3.c4 e6
4.Ng1f3 c5
5.Nb1c3 Nb8c6
6.a3 Bf8e7
7.dxc5 Be7xc5
8.b4 Bc5e7
9.cxd5 exd5
10.Bf1b5 O-O
11.O-O Bc8g4
12.h3 Bg4e6
13.Bc1b2 Qd8b6
14.Qd1e2 Qb6c7
15.Nf3h2 d4
16.Bb5xc6 dxc3
17.Bb2xc3 Qc7xc6
18.Rf1c1 Qc6a4
19.f3 Ra8c8
20.Nh2g4 Nf6xg4
21.hxg4 Be6c4
22.Qe2b2 f6
23.g5 Qa4c6
24.gxf6 Be7xf6
25.Bc3xf6 Qc6xf6
26.Qb2xf6 Rf8xf6
27.Rc1c3 Rf6c6
28.a4 Bc4e6
29.Rc3xc6 Rc8xc6
30.a5 Be6c4
31.Kf2 Kf7
32.Ra1d1 Ke7
33.f4 Rc6d6
34.Rd1c1 Bc4b5
35.Rc1c7 Rd6d7
36.Rc7c8 a6
37.g4 h6
38.Rc8g8 Kf7
39.Rg8c8 Kg6
40.Rc8f8 Rd7d2
41.Kg3 Bb5c6
42.Kh4 Rd2d3
43.f5 Kh7
44.Rf8f7 Rd3xe3
45.f6 Kg6
46.Rf7xg7 Kxf6
47.Rg7h7 Kg6
48.Rh7h8 Bc6g2
49.Rh8xh6 Kxh6
{ abandon }0-1

[Event "Défi"]
[Site "www.echecsemail.com"]
[Date "2026.01.10"]
[Round "1"]
[White "Wenoketo"]
[Black "Midas"]
[WhiteElo "1670"]
[BlackElo "1620"]
[Result "0-1"]
1.d4 d5
2.Ng1f3 Ng8f6
3.Bc1f4 e6
4.h3 Nb8c6
5.c3 Bf8e7
6.Nb1d2 O-O
7.e3 Nf6h5
8.Bf4h2 Nh5f6
9.Bf1e2 h6
10.O-O Rf8e8
11.Ra1c1 Bc8d7
12.Nd2b3 b6
13.Nb3d2 Be7d6
14.Bh2xd6 cxd6
15.a3 e5
16.Nf3h2 e4
17.Nh2g4 Nf6xg4
18.Be2xg4 Bd7xg4
19.Qd1xg4 Qd8e7
20.Rf1e1 Qe7e6
21.Qg4xe6 Re8xe6
22.Nd2f1 Nc6a5
23.Nf1d2 Na5c4
24.Rc1c2 b5
25.Re1a1 a5
26.Nd2f1 Re6e8
27.Nf1h2 f5
28.b3 Nc4b6
29.Nh2f1 Ra8c8
30.Ra1c1 Kh7
31.Nf1g3 g6
32.Ng3f1 h5
33.Nf1d2 Kh6
34.g3 Kg5
35.Kg2 Kh6
36.Nd2b1 g5
37.Kh2 Kg6
38.Nb1d2 h4
39.gxh4 gxh4
40.Rc1g1 Kh6
41.Rg1g2 Re8g8
42.Rg2xg8 Rc8xg8
43.Rc2c1 Rg8g5
44.Rc1g1 Rg5xg1
45.Kxg1 Kg5
46.Kg2 f4
47.exf4 Kxf4
48.b4 a4
49.Kh2 Nb6c4
50.Nd2xc4 dxc4
51.Kh1 Kf3
52.Kg1 d5
53.Kf1 e3
54.fxe3 Kxe3
55.Kg2 Kd2
56.Kf3 Kxc3
{ abandon }0-1

[Event "Défi( 10J+24H/c 10J Max )"]
[Site "www.echecsemail.com"]
[Date "2026.01.10"]
[Round "1"]
[White "Linselleschti"]
[Black "Tartu"]
[WhiteElo "1560"]
[BlackElo "1710"]
[Result "1-0"]
1.e4 c5
2.Ng1f3 Nb8c6
3.d4 cxd4
4.Nf3xd4 e5
5.Nd4xc6 bxc6
6.Bc1d2 Ng8f6
7.Bd2g5 Bf8e7
8.Bf1d3 O-O
9.O-O h6
10.Bg5h4 d6
11.h3 Bc8e6
12.f4 exf4
13.Rf1xf4 Nf6h7
14.Bh4g3 Be7g5
15.Rf4f3 Ra8b8
16.b3 Rb8b6
17.Bg3f2 c5
18.Nb1c3 Rb6b8
19.Nc3b5 a6
20.Nb5xd6 Qd8xd6
21.Bf2g3 Qd6b6
22.c4 Rf8d8
23.Bg3xb8 Qb6xb8
24.Qd1c2 Nh7f6
25.h4 Bg5f4
26.Qc2f2 Bf4e5
27.Ra1f1 Be5d4
28.Rf3e3 Bd4xe3
29.Qf2xe3 Rd8d4
30.Rf1f3 Nf6g4
31.Qe3f4 Qb8xf4
32.Rf3xf4 Rd4xd3
33.Rf4f3 Rd3xf3
34.gxf3 Ng4e3
35.Kh2 h5
36.Kg3 g6
37.Kf4 Ne3c2
38.Ke5 Nc2b4
39.a4 Kf8
40.Kd6 Nb4c2
41.Kxc5 Nc2e1
42.f4 Ne1d3
43.Kb6 Nd3xf4
44.Kxa6 Nf4g2
45.Kb6 Be6c8
46.Kc7 Bc8a6
47.c5 Ng2xh4
48.b4 g5
49.b5 Ba6xb5
50.axb5 g4
51.b6 g3
52.b7 g2
53.b8Q Kg7
54.Qb8b2 f6
55.Qb2f2 Kf7
56.Kd7 { abandon }1-0

[Event "XERTIGNY  VOSGES"]
[Site "www.echecsemail.com"]
[Date "2026.01.10"]
[Round "1"]
[White "Casisimed"]
[Black "Intrigue"]
[WhiteElo "1620"]
[BlackElo "1720"]
[Result "0-1"]
1.e4 e5
2.Ng1f3 Ng8f6
3.Bf1c4 Bf8c5
4.d3 Nb8c6
5.Nf3g5 O-O
6.Nb1c3 a6
7.O-O h6
8.Ng5f3 b5
9.Bc4d5 Bc8b7
10.Bd5xc6 Bb7xc6
11.Nf3xe5 Bc6b7
12.d4 Bc5d6
13.Bc1f4 b4
14.Nc3e2 Bb7xe4
15.Ne2g3 Be4b7
16.Ng3f5 Bd6xe5
17.Bf4xe5 d6
18.Be5xf6 Qd8xf6
19.Qd1d3 Rf8e8
20.Rf1e1 Qf6g5
21.Re1xe8 Ra8xe8
22.Nf5g3 a5
23.Qd3c4 c6
24.Kf1 Re8a8
25.Ra1e1 Qg5d8
26.c3 Bb7a6
{ abandon }0-1

[Event "Défi"]
[Site "www.echecsemail.com"]
[Date "2026.01.10"]
[Round "1"]
[White "Chomi64"]
[Black "Algors"]
[WhiteElo "1740"]
[BlackElo "1760"]
[Result "1-0"]
1.d4 f5
2.c4 Ng8f6
3.Nb1c3 g6
4.Bc1f4 Bf8g7
5.e3 O-O
6.Ng1f3 d6
7.Bf1d3 Nb8c6
8.d5 Nc6b4
9.Bd3e2 a5
10.a3 Nb4a6
11.O-O Na6c5
12.Ra1b1 Nc5e4
13.Nc3b5 c6
14.dxc6 bxc6
15.Nb5d4 c5
16.Nd4b3 a4
17.Nb3c1 Bc8b7
18.h3 e5
19.Bf4h2 Nf6h5
20.Nc1d3 Bg7h6
21.Nf3e1 f4
22.Be2xh5 gxh5
23.Qd1xh5 Ne4d2
24.Qh5xh6 Nd2xb1
25.Ne1f3 Bb7xf3
26.gxf3 Nb1d2
27.Rf1d1 Nd2xf3
28.Kg2 Nf3xh2
29.Kxh2 Ra8a7
30.Rd1g1 Kh8
31.Rg1g6 fxe3
32.fxe3 Rf8g8
33.Rg6xd6 Ra7d7
34.Rd6xd7 Qd8xd7
35.Qh6f6 Qd7g7
36.Qf6xg7 Kxg7
37.Nd3xe5 Kh8
38.Ne5d7 Rg8e8
39.Nd7xc5 Re8xe3
40.Nc5xa4 Re3e7
41.c5 Re7a7
42.Na4c3 Ra7a5
43.Nc3e4 Ra5a4
44.Ne4d6 Ra4d4
45.b4 Rd4d2
46.Kg1 Rd2d3
47.Nd6b5 Rd3xh3
48.c6 Rh3h6
49.Nb5a7 Rh6h3
50.b5 Rh3xa3
51.c7 Ra3xa7
52.c8Q Kg7
53.Qc8c3 Kf7
54.b6 Ra7d7
55.Qc3f3 Ke8
56.b7 Rd7d8
57.Qf3c6 Ke7
58.Qc6c7 Rd8d7
59.Qc7c5 Ke6
60.b8Q { abandon }1-0